000 00830nam a2200169Ia 4500
008 100122s9999 xx 000 0 und d
082 _b69095
_a920
100 _aनाईकनवरे विश्वास
245 _aतिरपी टोपी ताठ मान (कै शंकरराव मोरे यांचे विचारविश्व )
260 _bकॉटिनेंटल प्रकाशन
_c2006
300 _a413
520 _a( JP )
620 _a( JP )
630 _aतिरपी टोपी ताठ मान (कै शंकरराव मोरे यांचे विचारविश्व )
730 _aतिरपी टोपी ताठ मान (कै शंकरराव मोरे यांचे विचारविश्व )
942 _cBOOK
999 _c440547
_d440544